000 00346nam a2200121Ia 4500
008 230907s9999||||xx |||||||||||||| ||und||
082 _a303.482
_bKNI
100 _aKnight, Nick,
_9115928
245 0 _aImagining globalisation in China :
260 _aE. Elgar,
_bCheltenham, UK ; | Northampton, MA :
_c2008
300 _aix, 243 p. ;
942 _cBK
999 _c600188
_d600188